000 01546nam a2200301 i 4500
001 154109
003 ES-MaACL
005 20250709063218.0
008 931025s1773 sp a |||| | spa d
100 1 _aFlórez, Enrique,
_d1702-1773
_9142679
245 1 0 _aMedallas de las colonias, municipios y pueblos antiguos de España hasta hoy no publicadas con las de los reyes Godos
_b: parte tercera /
_cpor el R. P. Mro. Fr. Henrique Florez ... orden de S. Agustin.
260 _aEn Madrid :
_ben la imprenta de D. Antonio de Sancha,
_c1773.
300 _a[12], 292 [i.e. 284], [4] p., h. de grab. LIX- LXVII, [8] h. de grab., [1] h. de grab. pleg. ;
_c4º.
500 _aEncabezamiento completado con Aguilar, III, p. 499.
530 _aDisponible en formato digital.
597 _aSign.: ¶\p4\s, 2¶\p2\s, A-Z\p4\s, 2A-2M\p4\s, 2N\p2\s, [ ]\p8\s, 2R\p2\s.
597 _aError de pag., de la p. 56 pasa a p. 67.
597 _aPort. con grab. xil.
597 _aLetras capitales xil.
599 _aLa h. de grab. pleg. calc. y hs. de grab. calc. entre p. 152-153: "Gil"; hs de grab. xil., a partir de pag. 292 son monedas intercaladas en el texto.
650 4 _aNumismática-
_zEspaña.
_9140095
650 4 _aMonedas visigodas.
_9136611
700 1 _aSancha, Antonio de.
_9132385
752 _aEspaña -
_dMadrid
852 _aES-MaACL
_jR-203-205
_z- Enc. pasta
_d-
_x Olim: A-1016-18
856 _uhttp://bdh-rd.bne.es/viewer.vm?id=0000045921&page=1
_zBiblioteca Digital Hispánica
999 _c154109
_d154109